Současná Evropa
Gespeichert in:
| Format: | Schriftenreihe |
|---|---|
| Sprache: | Tschechisch |
| Veröffentlicht: |
Praha
Vysoká škola ekonomická v Praze - Nakladatelství Oeconomica
2012
|
| Schlagworte: | |
| Tags: |
Keine Tags, Fügen Sie das erste Tag hinzu!
|
MARC
| LEADER | 00000nas2a2200000 4500 | ||
|---|---|---|---|
| 001 | 0228423 | ||
| 005 | 20170315140630.5 | ||
| 022 | |a 1804-1280 | ||
| 041 | 0 | |a cze | |
| 044 | |a CZ | ||
| 245 | 1 | 0 | |a Současná Evropa |
| 264 | 1 | |a Praha |b Vysoká škola ekonomická v Praze - Nakladatelství Oeconomica |c 2012 | |
| 773 | 0 | |w eu_un_cat*0111055 | |
| 610 | 2 | 0 | |a integrácia ekonomická medzinárodná |
| 610 | 2 | 0 | |a Európska únia |
| 610 | 2 | 0 | |a Česko |